| 000 | 00415nam a2200133 a 4500 | ||
|---|---|---|---|
| 005 | 20140414132106.0 | ||
| 008 | 090218s19uu xx 00 eng d | ||
| 050 |
_aFIC _bP64 2003 |
||
| 100 | _aPilkey, Dav | ||
| 245 |
_aCaptain underpants and the big, bad battle of the bionic booger boy 2 : _bthe seventh epic novel. |
||
| 260 |
_aNew York : _bScholastic , _c2003. |
||
| 440 | _aCaptain Underpants | ||
| 999 |
_c114596 _d114596 |
||